Welcome to the Holygrace Academy Library

Please use search bar below to get started

THREE LITTLE PIGS (Record no. 2626)

MARC details
000 -LEADER
fixed length control field 00273nam a22001337a 4500
020 ## - INTERNATIONAL STANDARD BOOK NUMBER
ISBN 0-7214-0470-7
082 ## - DEWEY DECIMAL CLASSIFICATION NUMBER
Classification number 823
100 ## - MAIN ENTRY--AUTHOR NAME
Personal name HUNIA, FRAN
245 ## - TITLE STATEMENT
Title THREE LITTLE PIGS
260 ## - PUBLICATION, DISTRIBUTION, ETC. (IMPRINT)
Place of publication UK
Name of publisher LADY BIRD
300 ## - PHYSICAL DESCRIPTION
Number of Pages 51
650 ## - SUBJECT ADDED ENTRY--TOPICAL TERM
Topical Term ENGLISH SHORT STORY
Geographic subdivision UK
942 ## - ADDED ENTRY ELEMENTS (KOHA)
Koha item type Books

No items available.